000 00452cam a2200193ua 4500
001 11255
008 190905n ii |||gr||||Z||||||eng
020 _a9789332550360
040 _cMAIN
041 _aeng
082 _a339
100 _aRobert J Gordon,
_eAuthor.
245 _acBy Robert J Gordon
250 _a3rd imp.
260 _aTamil Nadu:
_bPearson,
_c2017.
300 _a629p.
653 _aMacroeconomics & related topics
942 _cBK
999 _c10115
_d10115